| 000 | 01203pam a2200277 a 4500 | ||
|---|---|---|---|
| 001 | 898704 | ||
| 005 | 20080303072026.0 | ||
| 008 | 810916s1982 enka b 001 0 eng | ||
| 010 | _a 81015495 | ||
| 020 | _a0521245230 | ||
| 040 |
_aDLC _cDLC _dDLC |
||
| 050 | 0 | 0 |
_aTA648.3 _b.H49 1982 |
| 082 | 0 | 0 |
_a624.176 _219 _bHEY |
| 100 | 1 |
_aHeyman, Jacques. _94757 |
|
| 245 | 1 | 0 |
_aElements of stress analysis / _cJacques Heyman. |
| 260 |
_aCambridge [Cambridgeshire] ; _aNew York : _bCambridge University Press, _c1982. |
||
| 300 |
_aviii, 105 p. : _bill. ; _c24 cm. |
||
| 500 | _aIncludes index. | ||
| 504 | _aBibliography: p. [106] | ||
| 650 | 0 |
_aStrains and stresses. _94758 |
|
| 856 | 4 | 2 |
_3Contributor biographical information _uhttp://www.loc.gov/catdir/enhancements/fy0810/81015495-b.html |
| 856 | 4 | 1 |
_3Table of contents only _uhttp://www.loc.gov/catdir/enhancements/fy0810/81015495-t.html |
| 856 | 4 | 2 |
_3Publisher description _uhttp://www.loc.gov/catdir/enhancements/fy0810/81015495-d.html |
| 942 |
_2ddc _cBB |
||
| 999 |
_c11536 _d11536 |
||